Quizzes
Events
Quiz Creation
Community
Videos
Private Events
Remove Ads
Sign In
Join for FREE
Feedback
Dark Mode
Quiz Categories
Sports
Geography
Music
Movies
Television
Just For Fun
Miscellaneous
History
Literature
Language
Science
Gaming
Entertainment
Religion
Holiday
For Kids
Quiz Lab
Recent
Popular Today
Quiz Kudos Today
Editor Picks
Curator Picks
Quizzes by...
Day
Popularity
Type
Ratings
Length
Year
Community
Subscriptions
Recent Discussions
Orange Saloon
Badges
Playlists
Quests
Create
Leaderboards
Showdown
Live 5
Trivia Bingo
Activity
Puzzle Library
Sporcle Events
Private Events
Virtual Trivia
Globe League
Become a Host
Pub Owners
SporcleCon
Opinionation
Our Games
Videos
Blog
Mobile Apps
Partnerships
Remove Ads and Go Orange
Feedback
Sports
Athletes
MLB
NBA
NHL
NFL
Soccer
Sports Teams
WWE
NCAA
Football
Premier League
Basketball
Baseball
Hockey
Golf
Tennis
Cricket
Rugby
Auto Racing
Olympics
World Cup
Sports
Athletes
MLB
NBA
NHL
NFL
Soccer
Sports Teams
WWE
NCAA
Football
Premier League
Basketball
Baseball
Hockey
Golf
Tennis
Cricket
Rugby
Auto Racing
Olympics
World Cup
Random Quiz
Search Sporcle
×
Quiz Lab
Quiz Lab
Sports
Letter
Type in answers that appear in a list
Type in answers that appear in a list
Classic
Best Score? Go Orange.
Top 10 MLB Career Home Run Hitters by Last Name A-Z Stats
Can you name the Home Run Leaders By Letter (Minimum 100)?
By
jakefedo2034
20m
223 Questions
1,855 Plays
1,855 Plays
1,855 Plays
Comments
Comments
Give Quiz Kudos
Give Quiz Kudos
-
- Ratings
hide this ad
More Info
Replay
Link that replays current quiz
Next Quiz
Link to next quiz in quiz playlist
You Got
0%
They Got
Avg Score
72%
Avg Friend Score
Upgrade to see
Score Distribution
Jump to the score distribution portion of the page
Score
0/223
Timer
20:00
0
Plays Today
% Correct
Hank Aaron
97.9%
Barry Bonds
97.3%
Reggie Jackson
95%
Ken Griffey Jr.
94.9%
Willie Mays
94.7%
Chipper Jones
94.3%
Harmon Killebrew
94.3%
Billy Williams
94.3%
Mickey Mantle
94.3%
Ted Williams
94.2%
Babe Ruth
94.1%
Jim Thome
94%
Andruw Jones
94%
Matt Williams
93.9%
Bernie Williams
93.9%
Lou Gehrig
93.8%
Alex Rodriguez
93.6%
Frank Thomas
93.5%
Frank Thomas
93.2%
Sammy Sosa
93.2%
Gorman Thomas
93.2%
Ivan Rodriguez
93.1%
Mark McGwire
92.9%
Brady Anderson
92.7%
Jimmie Foxx
92.7%
Mel Ott
92.5%
Brooks Robinson
92.5%
Garret Anderson
92.4%
Frank Robinson
92.4%
Ernie Banks
92.4%
Jeff Bagwell
92.3%
Deron Johnson
92.1%
Bob Johnson
91.9%
Carl Yastrzemski
91.7%
Darrell Evans
91.6%
Howard Johnson
91.6%
Aramis Ramirez
91.5%
Jose Canseco
91.4%
Dwight Evans
91.4%
Manny Ramirez
91.3%
Rafael Palmeiro
91.2%
Joe Carter
90.8%
Gary Carter
90.8%
Mike Schmidt
90.5%
Ryan Howard
90.4%
Juan Gonzalez
90.4%
Luis Gonzalez
90.4%
Willie McCovey
90.4%
Frank Howard
90.2%
Albert Pujols
90.2%
Eddie Murray
90.2%
Carlos Delgado
89.9%
Johnny Bench
89.6%
Joe DiMaggio
89.1%
David Ortiz
88.9%
Chili Davis
88.8%
Fred McGriff
88.6%
Gary Sheffield
88.4%
Eric Davis
88.4%
Willie Stargell
87.8%
Shawn Green
87.8%
Eddie Mathews
87.7%
Al Kaline
87.6%
Andre Dawson
87.4%
Albert Belle
87.2%
Michael Young
87%
Dmitri Young
87%
Stan Musial
87%
Yogi Berra
86.5%
Kevin Young
86.5%
Chris Young
86.5%
Dave Kingman
86.4%
Vladimir Guerrero
86.2%
Cal Ripken Jr.
86.2%
Graig Nettles
85.2%
% Correct
Larry Walker
85.2%
Adam Dunn
85.1%
Mike Piazza
85.1%
Dave Winfield
85%
Andres Galarraga
84.9%
Dale Murphy
84.9%
Jim Edmonds
84.6%
Paul Konerko
84.6%
Ralph Kiner
84.3%
Hank Greenberg
84.3%
Lance Berkman
84.2%
Carlos Lee
84.1%
Derrek Lee
84%
Greg Vaughn
83.9%
Duke Snider
83.8%
Mo Vaughn
83.4%
Chase Utley
83.2%
Dick Allen
83.1%
Jim Rice
83.1%
Cecil Fielder
81.9%
Jason Giambi
81.9%
Prince Fielder
81.7%
Carlton Fisk
81.5%
Todd Helton
81.5%
Tony Perez
81.3%
Raul Ibanez
80.1%
Norm Cash
80%
Jack Clark
80%
Orlando Cepeda
79.8%
George Foster
79.8%
Moises Alou
79.3%
Dave Parker
79%
Gil Hodges
78.6%
Miguel Cabrera
78.4%
Robin Yount
78.4%
Todd Zeile
78%
Rogers Hornsby
77.8%
Darryl Strawberry
77.6%
Jeff Kent
77.6%
Adrian Beltre
77.4%
Gary Gaetti
77%
Rocky Colavito
76.2%
Vinny Castilla
76.2%
Johnny Mize
76%
Harold Baines
74.9%
Ellis Burks
74.8%
Magglio Ordonez
74.8%
Kent Hrbek
74.6%
Derek Jeter
74.6%
Reggie Smith
74.6%
Rickey Henderson
74.4%
Ron Santo
74.2%
Boog Powell
73.6%
Dan Uggla
73.6%
Carlos Quentin
73.3%
Bobby Abreu
73.2%
Joe Adcock
72.3%
Alfonso Soriano
72.2%
David Justice
71.6%
Paul O'Neill
71.3%
Ron Cey
70.9%
Greg Luzinski
70.6%
Mark Teixeira
70.2%
Roberto Alomar
70.1%
Jermaine Dye
69.8%
Chuck Klein
69.1%
Ryan Zimmerman
68.7%
Steve Finley
68.2%
Fred Lynn
68%
Miguel Tejada
66.7%
Dean Palmer
65.5%
Jorge Posada
64.2%
Al Oliver
64%
John Olerud
63.7%
Robin Ventura
63.6%
% Correct
Brandon Inge
63.1%
Tony Oliva
62.8%
Bob Allison
62.5%
Lance Parrish
62.1%
Torri Hunter
61.6%
John Valentin
61.2%
Tony Armas
61.1%
Juan Encarnacion
61%
Edwin Encarnacion
61%
Richie Zisk
61%
Gus Zernial
60.8%
Jose Valentin
60.7%
Eric Karros
60.5%
Pete Incaviglia
60%
Ted Kluszewski
59.9%
Carlos Pena
59.6%
Scott Rolen
59.3%
Jim Wynn
59.3%
Barry Larkin
59.2%
Vernon Wells
59.2%
Phil Nevin
59%
Del Ennis
58%
Earl Averill
57.8%
Bobby Thomson
57.3%
Javy Lopez
57.1%
Willie Horton
56%
Joe Torre
55.8%
Tim Wallach
55.7%
Ryan Klesko
54.5%
Trot Nixon
53.7%
Geoff Jenkins
53.2%
Roy Sievers
53%
Joey Votto
52.9%
Rudy York
52.8%
Brian Downing
52.1%
Andy Van Slyke
52.1%
Larry Doby
51.5%
Juan Uribe
51.2%
Jason Varitek
50.6%
Amos Otis
50.4%
Danny Tartabull
50.3%
Wally Joyner
49.5%
Kevin Youkilis
48.4%
Bill Freehan
48.2%
Bill Nicholson
48.1%
J.D. Drew
47.9%
Ray Lankford
47.8%
Willie Upshaw
47.5%
Mike Lowell
46.6%
Chet Lemon
44%
Andre Thornton
43.9%
Carl Everett
43.2%
Travis Fryman
43.2%
Jim Northrup
42.3%
Jose Vidro
41.1%
Cliff Floyd
38.8%
Eddie Yost
37.5%
Damion Easley
37.2%
George Hendrick
36.9%
Mike Napoli
36.8%
Steve Yeager
36.5%
Pete O'Brien
36.3%
Ben Ogilvie
36.2%
Dave Nilsson
34.6%
Mickey Vernon
34.5%
Bob Elliott
34.2%
Vic Wertz
33.7%
Matt Nokes
33.6%
Ron Fairly
33.2%
Ernie Lombardi
31.5%
Mike Epstein
30%
Ron Northey
18.4%
Bob Nieman
14.3%
Quiz Playlist
Details
Report
Send in Message
Add To Playlist
More Info:
Minimum 100 career regular season home runs Stats through 2012 season *players were active in 2012
Classic:
Type in answers that appear in a list
Quiz Source
Last Updated: Feb 16, 2017
Quiz Scoreboard
CHALLENGE
Sign Up to Join the Scoreboard
Show All
Scores
Hide
Comments
May contain spoilers
Recently Published
An Introduction to Baseball
by treessimontrees
Sports
5m
Movies - When Are They Set?
by FPL_Elf
Movies
5m
Popular People in 1961
by mucciniale
History
6m
More to Explore
Quiz From the Vault
Featured Blog Post
Where Did the Easter Bunny Come From?
hide this ad
You Might Also Like...
Tags
Letter Quiz
By Letter
home
Home Runs
run
Today's Top Quizzes in Sports
Browse Sports
hide this ad
Today's Top Quizzes in Letter
Browse Letter
Top Contributed Quizzes in Sports
1
Les meilleurs buteurs des matchs entre le PSG et l’OM
2
2022 World Cup Stars
3
FIFA Club World Cup Champions
4
Les entraîneurs de l'OM et du PSG au 21e siècle
5
Name the Premier League winners with different clubs
6
La finale Lions - Afrique du Sud 2021
7
Les joueurs passés par le LOSC et le RC Lens
8
Criteria MLB: Left Handed Sluggers
9
Players with Multiple 50 Home Run Seasons
10
5-to-1: UK Sports Teams
Explore More
Trending Topics
Anime
NBA
Crossword
Marvel
Disney
Harry Potter
Kpop
The Office
WWE
Pokémon
Puzzle
Soccer
Song
NFL
Country
hide this ad
More By:
jakefedo2034
Quiz
Plays
Rating
Category
Featured
Created
NFL 100 Passing TDs with 1 Team
79,638
4.72
Sports
Nov 11, 2012
NHL Trade Chain
2,147
2.71
Sports
Jun 23, 2013
Top 10 MLB Career Home Run Hitters by Last Name A-Z
1,855
4.71
Sports
May 23, 2012
Top 10 MLB Career Hit Leaders by Last Name A-Z
1,724
4.50
Sports
Nov 6, 2012
Top 10 MLB Career Wins Leaders by Last Name A-Z
594
5.00
Sports
Nov 8, 2012
Go to Creator's Profile
Score Distribution
Quiz Creator Spotlight
jakefedo2034
Follow
Send a Message
Quizzes Created
-
Created Quiz Play Count
-
More By This Creator
Popular Quizzes Today
1
Find the Countries of Europe - No Outlines Minefield
2
Find the US States - No Outlines Minefield
3
The Countries of the World
4
Popular People in 1961
5
US States
6
Find the US States
7
1-10 Letter E Words III
8
Risky Map Clicking: Biggest States A-Z
More Sports Quizzes
Ballon D'Or 2021 Nominees
Quiz Lab
Trending Quizzes
Risky Map Clicking: Least Populous States A-Z
1-10 Letter F Words
1-10 Letter G Words
Not Quite an Element Typing Challenge
One Thing in Common: United Kingdom
Recently Updated
Leaping Animals
pecheneg
Reality TV Shows (A-Z)
bhenderson79
Rickey Henderson's Hall of Fame Teammates
pecheneg
Champions League XIs: Arsenal
pecheneg
Quick Pick: Celebrities in WWE's Hall of Fame
aduchscher
A-Z Keypad Blitz II
pecheneg
Multiple Oscar Actors
pecheneg
Mystery Phrase Blitz: Oscar 'Best Actors'
pecheneg
F. Scott Fitzgerald Novels
LTH
Pick 3 Villains
ddd62291
Trending Topics
NBA
Kpop
Disney
Anime
Crossword
Harry Potter
Marvel
NFL
WWE
Pokémon
Song
The Office
Puzzle
Soccer
Country
Your Account Isn't Verified!
In order to create a playlist on Sporcle, you need to verify the email address you used during registration. Go to your
Sporcle Settings
to finish the process.
Report this User
Report this user for behavior that violates our
Community Guidelines
.
Details:
Send Report
Go to the Sporcle.com Mobile Site →
Comments